[Event "Muensterland Verbandsliga 2122"]
[Site "Germany"]
[Date "2021.10.02"]
[Round "1.7"]
[White "Limberg, Johannes"]
[Black "Bloem, Markus"]
[Result "1-0"]
[WhiteElo "1591"]
[BlackElo "1497"]
[PlyCount "51"]
[EventDate "2021.10.02"]
[EventType "team-tourn"]
[EventRounds "2"]
[EventCountry "GER"]
[SourceTitle "EXT 2023"]
[Source "ChessBase"]
[SourceDate "2022.10.05"]
[SourceVersion "1"]
[SourceVersionDate "2022.10.05"]
[SourceQuality "1"]
[WhiteTeam "Olfen"]
[BlackTeam "Ibbenbueren"]
[WhiteTeamCountry "GER"]
[BlackTeamCountry "GER"]

1. e4 d6 2. Nf3 g6 3. d4 Bg7 4. h3 Nf6 5. Bd3 0-0 6. 0-0 Nbd7 7. c4 c6 8. Nc3 Qc7 9. Bg5 e5 10. dxe5 dxe5 11. b4 Re8 12. Rc1 b6 13. a3 Bb7 14. Qe2 a6 15. Rfd1 Nf8 16. Qe3 Ne6 17. Bxf6 Bxf6 18. Nd5 cxd5 19. cxd5 Qd8 20. dxe6 Rxe6 21. Bxa6 Bxa6 22. Rxd8+ Rxd8 23. a4 Rd3 24. Qe2 Red6 25. b5 Bb7 26. Rc7 1-0

[Event "Muensterland Verbandsliga 1920"]
[Site "Germany"]
[Date "2020.01.11"]
[Round "5.7"]
[White "Bloem, Markus"]
[Black "Esser, Peter"]
[Result "0-1"]
[WhiteElo "1514"]
[BlackElo "1733"]
[PlyCount "118"]
[EventDate "2019.09.07"]
[EventType "team-tourn"]
[EventRounds "7"]
[EventCountry "GER"]
[SourceTitle "EXT 2023"]
[Source "ChessBase"]
[SourceDate "2022.10.05"]
[SourceVersion "1"]
[SourceVersionDate "2022.10.05"]
[SourceQuality "1"]
[WhiteTeam "Ibbenbueren"]
[BlackTeam "Telgte"]
[WhiteTeamCountry "GER"]
[BlackTeamCountry "GER"]

1. d4 Nf6 2. g3 d5 3. Bg2 c6 4. Nf3 Bf5 5. 0-0 e6 6. Nbd2 h6 7. b3 Bd6 8. Bb2 Nbd7 9. c4 Qe7 10. cxd5 exd5 11. Re1 0-0 12. a3 Rfe8 13. b4 Ne4 14. Nf1 Qe6 15. Qc1 a6 16. Ne3 Bh7 17. Bc3 f5 18. Bd2 Rf8 19. Nf1 g5 20. Bc3 Rf6 21. e3 Re8 22. Ra2 Qf7 23. Rae2 Rg6 24. Rd1 Rg7 25. Be1 Bg6 26. Ra2 Bh5 27. Rd3 Kh7 28. Rb3 Reg8 29. Rbb2 Qf6 30. Kh1 f4 31. N3d2 Nxd2 32. Nxd2 f3 33. Bf1 Bg6 34. Bh3 Nf8 35. Qd1 Rf7 36. Nb3 h5 37. Nc1 g4 38. Bf1 h4 39. Bd3 hxg3 40. Bxg6+ Rxg6 41. fxg3 Re7 42. Bf2 Ne6 43. Nd3 Ng5 44. Qd2 Rh6 45. Ra1 Ne4 46. Qe1 Kg8 47. Qc1 Rxh2+ 48. Kxh2 Qh6+ 49. Kg1 Rh7 50. Kf1 Qh1+ 51. Bg1 Nxg3+ 52. Ke1 Qxg1+ 53. Kd2 Rh2+ 54. Kc3 Ne4+ 55. Kb3 Qxc1 56. Rxc1 Rxb2+ 57. Kxb2 g3 58. Ne1 f2 59. Nf3 g2 0-1

[Event "Steinfurt Bezirksliga 1819"]
[Site "Germany"]
[Date "2019.02.16"]
[Round "7.3"]
[White "Raus, Christina"]
[Black "Bloem, Markus"]
[Result "1/2-1/2"]
[WhiteElo "1482"]
[BlackElo "1533"]
[PlyCount "67"]
[EventDate "2018.09.01"]
[EventType "team-tourn"]
[EventRounds "10"]
[EventCountry "GER"]
[SourceTitle "EXT 2020"]
[Source "ChessBase"]
[SourceDate "2019.10.17"]
[SourceVersion "1"]
[SourceVersionDate "2019.10.17"]
[SourceQuality "1"]
[WhiteTeam "Steinfurt III"]
[BlackTeam "Ibbenbueren II"]
[WhiteTeamCountry "GER"]
[BlackTeamCountry "GER"]

1. d4 d6 2. c4 g6 3. Nc3 Bg7 4. Nf3 Nf6 5. e3 0-0 6. Be2 c6 7. 0-0 Qc7 8. h3 Nbd7 9. a3 b6 10. b4 Bb7 11. Bb2 Rad8 12. Qc2 e5 13. dxe5 Nxe5 14. Nxe5 dxe5 15. Bf3 Rd7 16. Rfd1 Rfd8 17. Rxd7 Rxd7 18. Rd1 Bc8 19. Rxd7 Bxd7 20. Ne4 Bf5 21. Nxf6+ Bxf6 22. Qe2 Bg7 23. Bg4 Bxg4 24. Qxg4 Qd8 25. Qe2 Qd6 26. Qc2 Bf6 27. g3 Bd8 28. c5 Qe6 29. Kg2 Bc7 30. cxb6 axb6 31. Qc3 f6 32. e4 Qd7 33. Qc1 Qe6 34. Qc3 1/2-1/2

[Event "Steinfurt Bezirksklasse 0910"]
[Site "Germany"]
[Date "2010.03.06"]
[Round "5.1"]
[White "Schmidt, Frank1111"]
[Black "Bloem, Markus"]
[Result "1/2-1/2"]
[WhiteElo "1559"]
[BlackElo "1439"]
[PlyCount "25"]
[EventDate "2009.09.26"]
[EventType "team-tourn"]
[EventRounds "7"]
[EventCountry "GER"]
[SourceTitle "EXT 2011"]
[Source "ChessBase"]
[SourceDate "2010.11.26"]
[SourceVersion "1"]
[SourceVersionDate "2010.11.26"]
[SourceQuality "1"]
[WhiteTeam "Emsdetten Rochade III"]
[BlackTeam "Ibbenbueren III"]
[WhiteTeamCountry "GER"]
[BlackTeamCountry "GER"]

1. d4 d6 2. g3 Nf6 3. Bg2 g6 4. Nf3 Bg7 5. 0-0 0-0 6. c4 c6 7. Nc3 Nbd7 8. Qc2 Qc7 9. e4 b6 10. Re1 e5 11. dxe5 Nxe5 12. Nxe5 dxe5 13. h3 1/2-1/2

[Event "Steinfurt Bezirksklasse 0910"]
[Site "Germany"]
[Date "2010.02.06"]
[Round "4.1"]
[White "Bloem, Markus"]
[Black "Menz, Robert"]
[Result "1/2-1/2"]
[WhiteElo "1439"]
[BlackElo "1569"]
[PlyCount "38"]
[EventDate "2009.09.26"]
[EventType "team-tourn"]
[EventRounds "7"]
[EventCountry "GER"]
[SourceTitle "EXT 2011"]
[Source "ChessBase"]
[SourceDate "2010.11.26"]
[SourceVersion "1"]
[SourceVersionDate "2010.11.26"]
[SourceQuality "1"]
[WhiteTeam "Ibbenbueren III"]
[BlackTeam "Saerbeck III"]
[WhiteTeamCountry "GER"]
[BlackTeamCountry "GER"]

1. e4 e5 2. Nf3 Nf6 3. Nc3 Nc6 4. Bb5 Bb4 5. 0-0 d6 6. Nd5 Ba5 7. d3 h6 8. c3 0-0 9. b4 Bb6 10. Nxb6 axb6 11. Be3 Bg4 12. h3 Bh5 13. Qd2 Kh7 14. Nh2 d5 15. Qc2 d4 16. Bxc6 bxc6 17. cxd4 exd4 18. Bf4 Qe7 19. Qxc6 Be2 1/2-1/2

[Event "Steinfurt Bezirksklasse 0607"]
[Site "Germany"]
[Date "2007.04.14"]
[Round "7.1"]
[White "Bloem, Markus"]
[Black "Van der Kolk, Janot"]
[Result "1/2-1/2"]
[WhiteElo "1382"]
[BlackElo "1588"]
[PlyCount "47"]
[EventDate "2006.09.30"]
[EventType "team-tourn"]
[EventRounds "7"]
[EventCountry "GER"]
[SourceTitle "EXT 2008"]
[Source "ChessBase"]
[SourceDate "2007.11.25"]
[SourceVersion "1"]
[SourceVersionDate "2007.11.25"]
[SourceQuality "1"]
[WhiteTeam "Ibbenbueren III"]
[BlackTeam "Saerbeck III"]
[WhiteTeamCountry "GER"]
[BlackTeamCountry "GER"]

1. d4 Nf6 2. Nf3 g6 3. c4 Bg7 4. e3 0-0 5. Bd3 d6 6. Nc3 Nbd7 7. b4 e5 8. 0-0 Re8 9. Qc2 Qe7 10. Be2 exd4 11. exd4 Ne4 12. Nd5 Qd8 13. Bd3 Nef6 14. Bg5 c6 15. Nc3 h6 16. Bh4 g5 17. Bg3 Nf8 18. Rae1 Rxe1 19. Rxe1 d5 20. c5 Be6 21. Bd6 Ne8 22. Bxf8 Kxf8 23. Ne5 Nf6 24. Qd1 1/2-1/2

[Event "Steinfurt Bezirksklasse 0607"]
[Site "Germany"]
[Date "2007.01.27"]
[Round "4.1"]
[White "Rengers, Rainer"]
[Black "Bloem, Markus"]
[Result "1/2-1/2"]
[WhiteElo "1638"]
[BlackElo "1382"]
[PlyCount "43"]
[EventDate "2006.09.30"]
[EventType "team-tourn"]
[EventRounds "7"]
[EventCountry "GER"]
[SourceTitle "EXT 2008"]
[Source "ChessBase"]
[SourceDate "2007.11.25"]
[SourceVersion "1"]
[SourceVersionDate "2007.11.25"]
[SourceQuality "1"]
[WhiteTeam "Neuenkirchen II"]
[BlackTeam "Ibbenbueren III"]
[WhiteTeamCountry "GER"]
[BlackTeamCountry "GER"]

1. Nf3 d5 2. d4 Nf6 3. c4 e6 4. Bg5 Be7 5. Nc3 0-0 6. e3 c6 7. Qc2 Nbd7 8. 0-0-0 b6 9. Bd3 h6 10. Bh4 Bb7 11. Bg3 Rc8 12. Kb1 a6 13. Rhe1 Ra8 14. e4 dxc4 15. Bxc4 b5 16. Bb3 Bb4 17. a3 Ba5 18. Re2 Qc8 19. Bd6 Re8 20. Ne5 c5 21. Nxd7 Nxd7 22. dxc5 1/2-1/2